| 000 | 00790nam a2200229Ii 4500 | ||
|---|---|---|---|
| 003 | JO-AjNU | ||
| 008 | 230605s9999||||xx |||||||||||||| ||und|| | ||
| 017 | _a2005/3/527 | ||
| 020 | _a9957-16-085-0 | ||
| 040 |
_aJO-AjNU _bara _erda _cJO-AjNU |
||
| 041 | _aara | ||
| 050 | 1 | 4 | _aK569.C6.M28.2006 |
| 100 | 3 |
_a المطالقة ، محمد فواز , _eauthor _945162 |
|
| 245 | 0 | 0 | _aالوجيز في عقود التجارة الإلكترونية " دراسة مقارنة " |
| 250 | _aط1 | ||
| 264 | 3 | 1 | _aعمان : دار الثقافة ، 2006 |
| 300 | _a352ص | ||
| 336 |
_atext _btxt _2rdacontent |
||
| 337 |
_aunmediated _bn _2rdamedia |
||
| 338 |
_avolume _bnc _2rdacarrier |
||
| 650 | 4 |
_aالتجارة الالكترونية -- العقود -- الإلتزامات _945163 |
|
| 999 |
_aA19556 _c23124 _d23124 |
||